Science Quiz

Random Science or Animal Quiz

Primates Quiz Stats

Quiz Updated Mar 7, 2016

Also try: Rodentia
Challenge
Share
Tweet
Score 0/20 Timer 04:00
2 Plays Today
# Primate % Correct
10Gorilla (Mountain)
95.5%
13Baboon (Olive)
86.9%
5Chimpanzee
86.2%
20Human
85.2%
3Lemur (Ring-tailed)
81.2%
19Orangutan (Sumatran)
78.8%
4Howler Monkey
57.3%
1Mandrill
31.9%
18Bonobo
31.1%
7Gibbon (Silvery)
29%
# Primate % Correct
15Galago (Bush Baby)
28.3%
12Aye-Aye
23.3%
16Proboscis Monkey
19.5%
8Marmoset (Common)
17.2%
14Capuchin (Tufted)
16.9%
2Tamarin (Emperor)
15.4%
9Loris (Slow)
14.3%
17Tarsier (Western)
12.1%
11Siamang
5.5%
6Potto
4.4%

You're not logged in!

Compare scores with friends on all Sporcle quizzes.
Join for Free
OR
Log In

You Might Also Like...

Show Comments

Extras

Top Quizzes Today


Score Distribution

Your Account Isn't Verified!

In order to create a playlist on Sporcle, you need to verify the email address you used during registration. Go to your Sporcle Settings to finish the process.

Report this User

Report this user for behavior that violates our Community Guidelines.

Details: